Kadra reprezentacji Hiszpanii - MŚ 2002 - Statystyki

Ogólne statystyki
  • Ten quiz został rozwiązany 20 razy
  • Średni wynik to 9 z 24
Statystyki odpowiedzi
Nr Zawodnik Poz % Poprawnych
1 Iker Casillas BR
100%
7 Raúl NA
95%
6 Fernando Hierro PO
89%
9 Fernando Morientes NA
84%
19 Xavi BR
74%
5 Carles Puyol OB
68%
21 Luis Enrique NA
53%
2 Curro Torres OB
47%
4 Iván Helguera OB
47%
22 Joaquín OB
37%
14 David Albelda PO
32%
16 Gaizka Mendieta PO
32%
17 Juan Carlos Valerón PO
32%
8 Rubén Baraja PO
32%
3 Juanfran OB
21%
# José Antonio Camacho Trener
16%
10 Diego Tristán PO
11%
11 Javier de Pedro NA
11%
18 Sergio PO
11%
12 Albert Luque OB
5%
15 Enrique Romero OB
5%
20 Miguel Ángel Nadal OB
5%
23 Pedro Contreras BR
5%
13 Ricardo PO
5%
Nie znaleziono quizów pasujących do podanych kryteriów
Rozkład punktacji
Procent ludzi z każdym wynikiem
Percentyl według liczby udzielonych odpowiedzi
Twoja historia wyników
Nie rozwiązałeś tego quizu